000
00230nmm a2200085Ia 4500
008
220120s9999||||xx |||||||||||||||||und||
100
_a
Kloppenborg, Timothy, J
245
0
_a
Project management
260
_a
Tata mcgraw hill company Ltd
999
_c
139776
_d
139776